000 00771nam a22001817a 4500
999 _c370047
_d370047
008 201130b ||||| |||| 00| 0 eng d
040 _bger
_cDE-2950
_erda
_aDE-2950
041 _ager
100 _aWeber-Rath, Ines:
245 _aGummistiefel, Wasser und mehr für Adenau und Altenahr.
_bHilfe: Anika Breetsch fährt am Freitag mit einem Transport ins Hochwassergebiet. Ihr Salon war in dieser Woche Annahmestelle für Sachspenden /
_cInes Weber-Rath und Lisa Mahlke
264 _c2021
653 _aHochwasserhilfe
773 _dFrankfurt (Oder): Märkisches Verlags- und Druckhaus GmbH & Co KG
_g32. Jahrgang (2021) Nr. 168 vom 22.07.2021, S. 13: Foto
_tMärkische Oderzeitung
942 _cA